F1 Most Races Led Every Lap - Statistics

General Stats
  • This quiz has been taken 12 times
  • The average score is 8 of 11
Answer Stats
Races Country Driver % Correct
23 United Kingdom Lewis Hamilton
100%
19 Brazil Ayrton Senna
91%
18 Netherlands Max Verstappen
91%
10 Germany Michael Schumacher
91%
15 Germany Sebastian Vettel
91%
7 France Alain Prost
82%
7 Germany Nico Rosberg
64%
9 United Kingdom Nigel Mansell
64%
7 Italy Alberto Ascari
55%
11 United Kingdom Jackie Stewart
55%
13 United Kingdom Jim Clark
55%
No matching quizzes found
Score Distribution
Percent of People with Each Score
Percentile by Number Answered
Your Score History
You have not taken this quiz